000 00410nam a2200157Ia 4500
008 230718s9999 xx 000 0 und d
041 _aeng
082 _a005.13'3
_bLAD
100 _aLadd S.R.
_9123799
245 _aC++ Components And Algorithms
260 _c1993
_bB.P.B. Publication
300 _a760
365 _cRs.
_b275.00
700 _aLadd S. R.
_9123799
906 _dB:73518-Jan-1994
_cCOMP
_b41.25
999 _c291914
_d291914